01535nam a2200349 a 4500001001000000003000500010005001700015008004100032010001100073011001100084040000900095090001000104100003500114245017500149260004100324500006000365502010900425590003700534590004000571590004000611590004000651650003800691650006200729856001600791856007000807901000700877942001000884942000600894999001900900952013100919952013501050000114527CHAP20220329144445.0180212s2017 mx a fsm |||||||spa d a110988 a111960 cCHAP aTesis1 aCastillo Olivas, Osiel913464010aBiología del ácaro de dos manchas Tetranychus urticae Koch (Acari: Tetranychidae) in vitro en Chapingo, Estado de México /h[En línea]cpor Osiel Castillo Olivas. aChapingo, Méx. :bEl autor,c2017. aPara ver el contenido del material haga clic en la liga aTesis (Ing. Agr. Esp. en Parasitología Agrícola) -- UACH. Departamento de Parasitología Agrícola aBATCHb00c20181121lUCH01h0759 aE8697GMMb05c20180212lUCH01h1005 aE8697GMMb05c20180212lUCH01h1007 aE8697GMMb05c20180212lUCH01h113814aPlagasxIdentificación.912657314aTetranychus urticaexFisiología y morfología.9134641 a1 n0001431 aFinding aiduhttp://10.13.5.2/tesis/sist114527.pdfzTeclea aquí aBK cTESIS n0 c110988d110988 00104054718TESISaBCbBCd2018-02-12fTESISl0oTesisp114527-10r2019-12-31 00:00:00w2019-12-31yTESISzRecien adquirido 00102local4053708TESISaBCbBCcPA_TESISd2018-02-12fTESISl0oTesisp114527-20r2019-12-31 00:00:00tc.2w2019-12-31yTESIS